El quinto poder : Teoría y práctica de lobbying /
Saved in:
| Format: | Book |
|---|---|
| Published: |
Buenos Aires :
Macchi,
c1992.
|
| LEADER | 00353nam a22001097a 4500 | ||
|---|---|---|---|
| 003 | AR-BeUNQ | ||
| 005 | 20220613105620.0 | ||
| 999 | |c 35038 |d 118838 | ||
| 245 | |a El quinto poder : |b Teoría y práctica de lobbying / |c Armando Alonso Piñeiro. | ||
| 260 | |a Buenos Aires : |b Macchi, |c c1992. | ||
| 929 | |a DONACION |b Rectorado UNQ |g 3604 |d 500,00 |e 20220428 |f PAT0077583 |h 1 |o PR | ||
| 942 | |c LIB | ||